000
00328nam a22001457a 4500
020
_a
978-81-265-3729-2
082
_a
651.3
_b
BAR
100
_a
BARDI, JAMES.A
245
_a
HOTEL FRONT OFFICE MANAGEMENT
260
_b
WILEY
_c
2013
300
_a
294
650
_a
OFFICE MANAGEMENT
653
_a
FRONT, OFFICE
942
_2
ddc
_c
BK
999
_c
8135
_d
8135